| 000 | 01019nam a22003257a 4500 | ||
|---|---|---|---|
| 003 | CHAP | ||
| 005 | 20220329134039.0 | ||
| 008 | 971013s1969 r 00010 d | ||
| 010 | _a14621 | ||
| 011 | _a15593 | ||
| 035 | _a19669 | ||
| 040 | _cCHAP | ||
| 082 |
_a001.642 _bG6 |
||
| 100 | 0 | 0 |
_aGordon, Geoffrey. _950017 |
| 245 | _aSystem simulation | ||
| 260 |
_aEnglewood Cliffs, N.J. : _bPrentice-Hall, _c1969 |
||
| 300 | _a303 p | ||
| 490 | _aPrentice-Hall series in automatic computation | ||
| 590 |
_aBATCH-UPD _b10 _c20130110 _lUCH01 _h0151 |
||
| 590 |
_aBATCH-UPD _b10 _c20130110 _lUCH01 _h1003 |
||
| 590 |
_aBATCH-UPD _b10 _c20130410 _lUCH01 _h0614 |
||
| 590 |
_aBATCH-UPD _b10 _c20130914 _lUCH01 _h1021 |
||
| 590 |
_aCONVERSION _b10 _c20130109 _lUCH01 _h1309 |
||
| 650 | 1 | 4 |
_aComputadoras. _926129 |
| 650 | 1 | 4 |
_aSimulación. _9106523 |
| 830 | 0 |
_aPrentice-Hall series in automatic computation _991399 |
|
| 901 | _aBK | ||
| 942 | _cLIBRO | ||
| 949 |
_a001.642 G6 _bBC _cLIBRO _d33724000288528 _eLIBRO _h34563 _i19669 _si |
||
| 999 |
_c14621 _d14621 |
||